Statistics for Doctor Who Season 1

Click here to take the quiz!

General Stats

  • This quiz has been taken 8 times
  • The average score is 6 of 8

Answer Stats

Answer% Correct
The Daleks
100%
An Unearthly Child
80%
The Aztecs
80%
Edge of Destruction
60%
Keys of Marinus
60%
Marco Polo
60%
The Reign of Terror
60%
The Sensorites
60%

Score Distribution

Percentile by Number Answered

Percent of People with Each Score

Your Score History

You have not taken this quiz